000 00687nam a2200229Ia 4500
003 OSt
005 20251208153207.0
008 210719s2014 xx 000 0 und d
040 _cAL
041 _akan
082 _a398.2K RAVY
100 _aRavishankara Valakunja
_9176051
110 _aರವಿಶಂಕರ ವಳಕುಂಜ
_9248304
245 _aYakshagana : prasanga drashyavali
_b: ಯಕ್ಷಗಾನ ಪ್ರಸಂಗ ದ್ರಶ್ಯಾವಳಿ
260 _aPuttur
_c2014
300 _aivx,288p
_bPB
365 _b350
_cRs
650 _aYakshagana
_9176052
650 _aYakshagana
_9176052
906 _adrashyavali ; Yakshagana:prasanga
942 _2ddc
_cBK
999 _c215586
_d215586